<?xml version="1.0" encoding="UTF-8"?>
<marc:record xmlns:marc="http://www.loc.gov/MARC21/slim">
   <marc:leader>00000nam a2200000 a 4500</marc:leader>
   <marc:datafield ind1=" " ind2=" " tag="653">
      <marc:subfield code="a">Kirche</marc:subfield>
   </marc:datafield>
   <marc:datafield ind1=" " ind2=" " tag="653">
      <marc:subfield code="a">Geld</marc:subfield>
   </marc:datafield>
   <marc:datafield ind1=" " ind2=" " tag="653">
      <marc:subfield code="a">Kirchenbeitrag</marc:subfield>
   </marc:datafield>
   <marc:datafield ind1=" " ind2=" " tag="653">
      <marc:subfield code="a">Erzdiözese Salzburg</marc:subfield>
   </marc:datafield>
   <marc:datafield ind1="0" ind2="0" tag="245">
      <marc:subfield code="a">Kirche &amp; Geld</marc:subfield>
   </marc:datafield>
   <marc:datafield ind1="0" ind2="0" tag="245">
      <marc:subfield code="b">Materialien für den Religionsunterricht  ab der 8. Schulstufe</marc:subfield>
   </marc:datafield>
   <marc:datafield ind1=" " ind2="1" tag="264">
      <marc:subfield code="b">Kirchenbeitragsreferat Erzdiözese Salzburg</marc:subfield>
   </marc:datafield>
   <marc:datafield ind1="1" ind2=" " tag="520">
      <marc:subfield code="a">1. Feiern, verkündigen, helfen
2. Beitrags-Kirche
    A: Geschichte und Berechnung
    B: Finanzierung von Religionssystemen
3. Pfarr-Kirche
    A: Pfarren, Seelsorge
    B: Kirchliches Bauen
4. Jugend-Kirche
    A: Katholische Jungschar und Katholische Privatschulen
    B: Katholische Jugend
5. Sozial-Kirche
    A: Caritas
    B: Beratungsstellen</marc:subfield>
   </marc:datafield>
</marc:record>
